Central Library and Information Centre
Sibsagar Girls' College, Sivasagar : Assam

MATHEMATICS (Part--A) (Record no. 14448)

MARC details
000 -LEADER
fixed length control field 00452cam a2200193ua 4500
008 - FIXED-LENGTH DATA ELEMENTS--GENERAL INFORMATION
fixed length control field 160708n II |||gr||||Z||||||eng
040 ## - CATALOGING SOURCE
Original cataloging agency MAIN
041 ## - LANGUAGE CODE
-- English
082 ## - DEWEY DECIMAL CLASSIFICATION NUMBER
Classification number 510 GUP
100 ## - MAIN ENTRY--PERSONAL NAME
Personal name GUPTA, S. K.
245 ## - TITLE STATEMENT
Title MATHEMATICS (Part--A)
260 ## - PUBLICATION, DISTRIBUTION, ETC.
Place of publication, distribution, etc. NEW DELHI:
Name of publisher, distributor, etc. S CHANDS CO.,
Date of publication, distribution, etc. 2003.
300 ## - PHYSICAL DESCRIPTION
Dimensions 20CM.
700 ## - ADDED ENTRY--PERSONAL NAME
Personal name GUPTA, S. K.,
Relator term Author.
700 ## - ADDED ENTRY--PERSONAL NAME
Personal name GANGAL, ANUBHUTI.
942 ## - ADDED ENTRY ELEMENTS (KOHA)
Koha item type Books
653 ## - INDEX TERM--UNCONTROLLED
Uncontrolled term Mathematics
Holdings
Withdrawn status Lost status Damaged status Not for loan Collection code Home library Current library Shelving location Date acquired Full call number Barcode Date last seen Copy number Price effective from Koha item type
        TBMAT Central Library and Information Centre Sibsagar Girls College Central Library and Information Centre Sibsagar Girls College Mathematics Rack 14.03.2005 510 GUP 19523 27.02.2020 1 27.02.2020 Books
        TBMAT Central Library and Information Centre Sibsagar Girls College Central Library and Information Centre Sibsagar Girls College Mathematics Rack 14.03.2005 510 GUP 19524 27.02.2020 2 27.02.2020 Books
        TBMAT Central Library and Information Centre Sibsagar Girls College Central Library and Information Centre Sibsagar Girls College Mathematics Rack 14.03.2005 510 GUP 19525 27.02.2020 3 27.02.2020 Books


Sibsagar Girl's College © 2020. All rights reserved.
Powered by Koha.
Maintained by Abhijit Borpuzari.